| 000 | 01755cam a22002294a 4500 | ||
|---|---|---|---|
| 005 | 20250605163932.0 | ||
| 008 | 250528s ||||||||||||||||||||||||d | ||
| 035 | _a14748 | ||
| 020 | _a9603440973 | ||
| 040 |
_aGR-AtMCL _bgre _dGR-AtMCL _eAACR2 |
||
| 245 | 1 |
_aΔιαφυλικές Σχέσεις / Εισηγήσεις στο Σεμινάριο Κατάρτισης Εκπαιδευτικών-Στελεχών σε Θέματα Σεξουαλικής Αγωγής και Ισότητας των Φύλων. _nΤόμος Α' |
|
| 260 |
_bΕλληνικά Γράμματα, _c1996 |
||
| 300 | _a456 | ||
| 520 | _aΟ παρόν τόμος περιλαμβάνει 34 διαλέξεις-εισηγήσεις διακεκριμένων Ελλήνων ακαδημαϊκών-ερευνητών στα θέματα της σεξουαλικής αγωγής και της ισότητας των δύο φύλων. Πρόλογος, Κατάλογος Εισηγητών Σεμιναρίου, Νομική Θεώρηση των Διαφυλικών Σχέσεων, Ιατρο-βιολογική Θεώρηση των Διαφυλικών Σχέσεων, Θεολογική Θεώρηση των Διαφυλικών Σχέσεων, Ψυχολική Θεώρηση των Διαφυλικών Σχέσεων,Παιδαγωγική - Εκπαιδευτική Θεώρηση των Διαφυλικών Σχέσεων, Αντί Επιλόγου. | ||
| 700 | 1 |
_aΓιαννίτσας Νικόλαος Δ _9281 |
|
| 700 | 1 | _aΚαραθανάση-Κατσαούνου Αρετή | |
| 700 | 1 |
_aΜπεζεβέγκης Ηλίας Γ _9502 |
|
| 700 | 1 |
_aΠαρασκευόπουλος Ιωάννης Μ _9202 |
|
| 942 | _cBK | ||
| 999 |
_c368 _d368 |
||